| 000 | 00368 a2200169 4500 | ||
|---|---|---|---|
| 001 | 70296 | ||
| 020 | _a9788508107292 | ||
| 040 | _cAnchieta - Itaigara | ||
| 100 | _aSilveira, Maria José | ||
| 240 | 1 | 0 |
_aCabeça de garota _lpor |
| 245 | 1 | 0 | _aCabeça de garota |
| 300 | _a152 | ||
| 362 | 0 | _a2007 | |
| 440 | 1 | _aÁtica | |
| 650 | 4 | _aLiteratura juvenil | |
| 942 | _cBK | ||
| 999 |
_c70296 _d70296 |
||